000
00316nam a22001457a 4500
008
221114b ||||| |||| 00| 0 eng d
020
_a
852700237
041
_a
eng
080
_2
VOLUME 7
_a
030
082
_a
030HEF
100
_a
44.1
101
_a
ENC
245
_a
HISTORY OF SCIENCE
_c
HEFFER
942
_2
udc
_c
BK
999
_c
58895
_d
58895